| 000 -LEADER |
| fixed length control field |
00458nam a22001457a 4500 |
| 005 - DATE AND TIME OF LATEST TRANSACTION |
| control field |
20231011143437.0 |
| 008 - FIXED-LENGTH DATA ELEMENTS--GENERAL INFORMATION |
| fixed length control field |
231011s1968 enk||||| |||| 00| 0 eng d |
| 041 ## - LANGUAGE CODE |
| Language code of text/sound track or separate title |
eng |
| 080 ## - UNIVERSAL DECIMAL CLASSIFICATION NUMBER |
| Universal Decimal Classification number |
069 A-10 |
| 245 ## - TITLE STATEMENT |
| Title |
A Brief Description of the Principal Monuments / |
| Statement of responsibility, etc. |
the Egyptian Museum, Cairo. |
| 264 ## - PRODUCTION, PUBLICATION, DISTRIBUTION, MANUFACTURE, AND COPYRIGHT NOTICE |
| Place of production, publication, distribution, manufacture |
Cairo, |
| Date of production, publication, distribution, manufacture, or copyright notice |
1968. |
| 300 ## - PHYSICAL DESCRIPTION |
| Extent |
230 p.: |
| Other physical details |
ill.; |
| Dimensions |
18 cm. |
| 653 ## - INDEX TERM--UNCONTROLLED |
| keyword |
ეგვიპტის მუზეუმის ძეგლები |
| 942 ## - ADDED ENTRY ELEMENTS (KOHA) |
| Source of classification or shelving scheme |
|
| Koha item type |
წიგნი |